<?xml version='1.0' encoding='UTF-8'?><?xml-stylesheet href='static/style.xsl' type='text/xsl'?><OAI-PMH xmlns="http://www.openarchives.org/OAI/2.0/" xmlns:xsi="http://www.w3.org/2001/XMLSchema-instance" xsi:schemaLocation="http://www.openarchives.org/OAI/2.0/ http://www.openarchives.org/OAI/2.0/OAI-PMH.xsd"><responseDate>2026-04-30T18:12:05Z</responseDate><request verb="GetRecord" identifier="oai:ebiltegia.mondragon.edu:20.500.11984/4484" metadataPrefix="marc">https://ebiltegia.mondragon.edu/oai/request</request><GetRecord><record><header><identifier>oai:ebiltegia.mondragon.edu:20.500.11984/4484</identifier><datestamp>2024-01-04T21:56:57Z</datestamp><setSpec>com_20.500.11984_1736</setSpec><setSpec>com_20.500.11984_1627</setSpec><setSpec>col_20.500.11984_1972</setSpec></header><metadata><record xmlns="http://www.loc.gov/MARC21/slim" xmlns:dcterms="http://purl.org/dc/terms/" xmlns:xsi="http://www.w3.org/2001/XMLSchema-instance" xmlns:doc="http://www.lyncode.com/xoai" xsi:schemaLocation="http://www.loc.gov/MARC21/slim http://www.loc.gov/standards/marcxml/schema/MARC21slim.xsd">
   <leader>00925njm 22002777a 4500</leader>
   <datafield ind2=" " ind1=" " tag="042">
      <subfield code="a">dc</subfield>
   </datafield>
   <datafield ind2=" " ind1=" " tag="720">
      <subfield code="a">Mondragon Unibertsitatea</subfield>
      <subfield code="e">author</subfield>
   </datafield>
   <datafield ind2=" " ind1=" " tag="260">
      <subfield code="c">2015-12-15</subfield>
   </datafield>
   <datafield ind2=" " ind1=" " tag="520">
      <subfield code="a">Hilaren 17an, osteguna, Unibasq Euskal unibertsitate sistemaren kalitate agentziaren ordezkarien bisita jaso du Humanitate eta Hezkuntza Zientzien Fakultateak. Bisitaren helburu izango da kontrastatzea fakultateak aurretik bidalitako txostena Berrikuntza didaktiko metodologikoko proiektuen garapena eta kudeaketa hezkuntza erakundeetan eta Hezkuntza testuinguru multikultural eta eleaniztunetan unibertsitate masterren akreditazioa berrizteko.</subfield>
   </datafield>
   <datafield ind2=" " ind1=" " tag="520">
      <subfield code="a">El próximo día 17, jueves, la Facultad de Humanidades y Ciencias de la Educación recibirá la visita de los representantes de Unibasq, la Agencia de calidad del sistema universitario vasco. El objetivo de la visita es revisar 'in situ' los proyectos presentados por la facultad para la renovación de la acreditación de los másteres universitarios en Desarrollo y gestión de proyectos de innovación didáctico-metodológica en instituciones educativas  y en Educación en contextos multiculturales y plurilingües.</subfield>
   </datafield>
   <datafield ind1="8" ind2=" " tag="024">
      <subfield code="a">https://hdl.handle.net/20.500.11984/4484</subfield>
   </datafield>
   <datafield tag="653" ind2=" " ind1=" ">
      <subfield code="a">Humanitate eta Hezkuntza Zientzien Fakultatea</subfield>
   </datafield>
   <datafield ind2="0" ind1="0" tag="245">
      <subfield code="a">Ostegunean, hilak 17, Unibasq-ek ikuskapena egingo du fakultateak eskaintzen dituen bi unibertsitate masterren akreditazioa berritzeko</subfield>
   </datafield>
   <datafield ind2="0" ind1="0" tag="245">
      <subfield code="a">El próximo diá 17, Unibasq visitará la facultad como parte del proceso de acreditación de dos másteres universitarios</subfield>
   </datafield>
</record></metadata></record></GetRecord></OAI-PMH>